| 000 | 00412nam a2200181Ia 4500 | ||
|---|---|---|---|
| 001 | 7406 | ||
| 005 | 20260306160453.0 | ||
| 008 | 260306t2006||||xx |||||||||||||| ||spa|| | ||
| 041 | _aESP | ||
| 082 |
_a338.91 _bS13 |
||
| 100 |
_aSachs, Jeffrey D. _eAUT |
||
| 245 | 0 | _aEl fin de la pobreza | |
| 260 | _c2006 | ||
| 300 |
_a549 páginas : _c20 cm |
||
| 650 | _aGEN | ||
| 654 | _aCAN | ||
| 942 |
_cLIB _dJUS _fJUS _2ddc _n |
||
| 999 |
_c7406 _d7406 |
||